Opera omnia di S. Ambrogio (Record n. 71)
[ formato base ]
| 000 -LEADER | |
|---|---|
| fixed length control field | 00539nam a2200217Ia 4500 |
| 003 - CONTROL NUMBER IDENTIFIER | |
| control field | IT-RoPAU |
| 008 - FIXED-LENGTH DATA ELEMENTS--GENERAL INFORMATION | |
| fixed length control field | 120407s9999 xx 000 0 und d |
| 040 ## - CATALOGING SOURCE | |
| Original cataloging agency | IT-RoPAU |
| 040 ## - CATALOGING SOURCE | |
| Transcribing agency | IT-RoPAU |
| 041 ## - LANGUAGE CODE | |
| Language code of text/sound track or separate title | ita |
| 100 ## - MAIN ENTRY--PERSONAL NAME | |
| Personal name | Ambrogio |
| 100 ## - MAIN ENTRY--PERSONAL NAME | |
| Titles and words associated with a name | san |
| 245 ## - TITLE STATEMENT | |
| Title | Opera omnia di S. Ambrogio |
| 250 ## - EDITION STATEMENT | |
| Edition statement | Milano - Roma |
| 260 ## - PUBLICATION, DISTRIBUTION, ETC. (IMPRINT) | |
| Place of publication, distribution, etc. | Bibl. Ambrosiana - Città Nuova |
| 260 ## - PUBLICATION, DISTRIBUTION, ETC. (IMPRINT) | |
| Date of publication, distribution, etc. | 1979 |
| 300 ## - PHYSICAL DESCRIPTION | |
| Dimensions | 24 cm |
| 600 ## - SUBJECT ADDED ENTRY--PERSONAL NAME | |
| Personal name | Volumi presenti: 1, 2/1, 2/2, 3, 4, 5,6, 7, 8, 9/1, 10, 11, 12, 13, 14, 15, 16, 18. |
| 942 ## - ADDED ENTRY ELEMENTS (KOHA) | |
| Koha item type | LIBRO |
| Withdrawn status | Lost status | Source of classification or shelving scheme | Damaged status | Not for loan | Home library | Current library | Date acquired | Total Checkouts | Full call number | Date last seen | Price effective from | Koha item type | Public note |
|---|---|---|---|---|---|---|---|---|---|---|---|---|---|
| Dewey Decimal Classification | Buone Condizioni | Not For Loan | PAULUS-BIBLIOTECA | PAULUS-BIBLIOTECA | 11/04/2012 | 276.3 | 11/04/2012 | 11/04/2012 | LIBRO | Inserito da: Anna In data: n.d. fondo: Via A.Severo 56 Progr:27803 |